Megan Thee Stallion Albums on the Billboard 200 - Statistics

General Stats
  • This quiz has been taken 44 times
    35 since last reset
  • The average score is 4 of 5
Answer Stats
Peak Weeks On Highest Charting Song Album % Correct
#166 4 Weeks Big Ole Freak Tina Snow
89%
#2 65 Weeks Body Good News
85%
#5 18 Weeks Thot Shit Something For Thee Hotties
81%
#10 35 Weeks Cash Shit (with DaBaby) Fever
63%
#7 37 Weeks Savage (with Beyonce) Suga
63%
No matching quizzes found
Score Distribution
Percent of People with Each Score
Percentile by Number Answered
Your Score History
You have not taken this quiz since the last reset